| 000 | 01047nam0a22002411 4500 | ||
|---|---|---|---|
| 001 | rc\2679287 | ||
| 005 | 20250623154418.0 | ||
| 035 | _a(NLR Aleph) 006807690 | ||
| 090 |
_a6310160 _c6310160 |
||
| 100 | _a20110915d1932 |||y0rusy50 ca | ||
| 101 | 0 | _arus | |
| 102 | _aRU | ||
| 105 | _aa z ||||| | ||
| 200 | 1 |
_aОхрана и ремонт осушительной сети _fБ. Г. Гейтман _gЛенингр. зональная опытно-мелиоративная станция |
|
| 210 |
_aМосква _aЛенинград _cОгиз - Гос. изд-во с.-х. и колхоз.-кооп. лит-ры _d1932 [на обл.: 1931] _eЛенинград _gтип. им. Евг. Соколовой |
||
| 215 |
_a95 с., 1 с. объявл. _cил. _d18х13 см. |
||
| 700 | 1 |
_aГейтман _bБ. Г. _cканд. с.-х. наук _f1897- _gБорис Генрихович _9226559 _3RU\NLR\AUTH\770226615 |
|
| 801 | 0 |
_aRU _bNLR _gpsbo |
|
| 801 | 1 |
_aRU _bELAR _2rusmarc |
|
| 852 |
_aNLR _j32-8/3443 |
||
| 942 | _cBOOK | ||
| 980 | _aNB | ||